HUMAN ANATOMY & PHYSIOLOGY WITH MICROBIOLOGY FOR GNM STUDENTS (Record no. 18258)

MARC details
000 -LEADER
fixed length control field 00320nam a22001217a 4500
003 - CONTROL NUMBER IDENTIFIER
control field SGT
020 ## - INTERNATIONAL STANDARD BOOK NUMBER
International Standard Book Number 978-81-935610-1-0
082 ## - DEWEY DECIMAL CLASSIFICATION NUMBER
Classification number 611
Item number H19C
100 ## - MAIN ENTRY--PERSONAL NAME
Personal name CHHIPA, MUKESH K.
245 ## - TITLE STATEMENT
Title HUMAN ANATOMY & PHYSIOLOGY WITH MICROBIOLOGY FOR GNM STUDENTS
260 ## - PUBLICATION, DISTRIBUTION, ETC. (IMPRINT)
Place of publication, distribution, etc JAIPUR INDIA
Name of publisher, distributor, etc JAIN PUB
Year of Publication 2019
942 ## - ADDED ENTRY ELEMENTS (KOHA)
Source of classification or shelving scheme Dewey Decimal Classification
Koha item type Books
942 ## - ADDED ENTRY ELEMENTS (KOHA)
-- 22
Holdings
Withdrawn status Lost status Source of classification or shelving scheme Damaged status Not for loan Collection code Home library Current library Shelving location Date acquired SGTU Total Checkouts Full call number Accession No. (Barcode) Date last seen Date last borrowed Bill Date Koha item type
    Dewey Decimal Classification     NURSING SGT Medical Library SGT Medical Library Text Book 10/06/2019 SGTU 26 611 H19C FN4033 01/12/2025 15/11/2025 10/06/2019 Books